Unit 6 AP euro - Statistics

General Stats
  • This quiz has been taken 29 times
  • The average score is 4 of 9
Answer Stats
Hint Answer % Correct
Transition from hand made goods to mass produced machine made goods, began in Britain Industrial Revolution
91%
A strong feeling of pride for ones country Nationalism
91%
A lifestyle that resolved around the purchase of consumer goods Consumerism
68%
Family of only 2 parents with their children, new focus of family structure from industrial revolution Nuclear family
50%
The doctrine that actions are right if they are useful or for the benefit of a majority Utilitarianism
32%
A general agreement among the great powers of 19th-century Europe to maintain the European balance of power, political boundaries, and spheres of influence Concert of Europe
27%
Describes the capitalist system of production as inherently unfair to the workers, who represent most of the population Marxism
27%
Similar to the first question, focused more on steel and electricity 2nd Industrial Revolution
18%
An imaginary ideal society where everything is excellent, and everyone lives in peace and harmony, where owners and workers could work together peacefully. Socialists Utopia
0%
No matching quizzes found
Score Distribution
Percent of People with Each Score
Percentile by Number Answered
Your Score History
You have not taken this quiz